000 00839cam a22001814a 4500
005 20250605164118.0
008 250528s ||||||||||||||||||||||||d
035 _a18164
040 _aGR-AtMCL
_bgre
_dGR-AtMCL
_eAACR2
245 1 _aΕμπορικές Εφαρμογές με Γλώσσα COBOL / Για Όλα Τα Micro και Supermicro Computers
260 _bUniversity Studio Press,
_c1987
300 _a198
520 _aΑνάλυση Εφαρμογης - Σχεδίαση Εφαρμογών - Γενικής Λογιστικής - Πελατών, Εφαρμογή Αποθήκης, Εφαρμογή Μισθοδοσίας, Εφαρμογή Τιμολόγησης, Εφαρμογή Κοστολόγησης.
700 1 _aΤασούλας Παναγιώτης Α
_9837
942 _cBK
999 _c3544
_d3544